Paesi con la stessa Prima e Ultima Lettera - Statistics

Statistiche generali
  • Questo quiz è stato fatto 67 volte
    18 dall'ultimo reset
  • Il punteggio medio è 6 su 13
Statistiche sulle risposte
Continente Paese % Corretto
Europa Austria
76%
Oceania Australia
71%
Europa Albania
65%
Africa Algeria
65%
Europa Andorra
65%
America Argentina
59%
Africa Angola
53%
Asia Armenia
47%
America Antigua e Barbuda
35%
Asia Arabia Saudita
24%
Africa Seychelles
24%
America Saint Kitts e Nevis
18%
Asia Timor Est
6%
Nessun quiz corrispondente trovato
Distribuzione punteggi
Percentuale di utenti per punteggio
Percentile per numero di risposta
I tuoi punteggi nel tempo
Non hai fatto questo quiz dall'ultimo reset